000 00529nam a2200193Ia 4500
005 20250326142246.0
008 250326s9999 xx 000 0 und d
020 _a0-08 042389 2
037 _aTextbook
040 _aFMSL
_beng
_cFMSL
041 _aeng
_2eng
084 _aX:51y7 N4
_qFMSL
100 _aKostecki M M
_9126587
245 0 _aMarketing strategies for service
_cKostecki M M
260 _aOxford
_bOxford, Pergamon
_c1994
300 _a269p
942 _cTB
_hX:51y7 N4
999 _c1294172
_d1294172